| 000 | 00664cam a2200229 4500 | ||
|---|---|---|---|
| 999 |
_c61172 _d61172 |
||
| 001 | 1728396 | ||
| 003 | ARRUPE | ||
| 005 | 20170605093534.0 | ||
| 008 | 730920s1973 enk 000 0 eng | ||
| 010 | _a 73169739 | ||
| 015 | _aGB73-16452 | ||
| 020 |
_a0582101271 _a058210128X (pbk.) |
||
| 040 |
_aDLC _cDLC _dDLC |
||
| 050 | 0 | 0 |
_aDT963.82.K39 _bA34 |
| 082 | 0 | 0 | _a320/.01 |
| 100 | 1 |
_aKaunda, Kenneth D. _q(Kenneth David), _d1924- _932128 |
|
| 245 | 1 | 0 | _aLetter to my children. |
| 260 |
_a[London], _bLongman, _c1973. |
||
| 300 |
_a139 p. _c21 cm. |
||
| 350 | _a£2.00 | ||
| 906 |
_a7 _bcbc _corignew _d3 _encip _f19 _gy-gencatlg |
||
| 942 |
_2lcc _cMONOGRAPH |
||